<?xml version="1.0" encoding="UTF-8"?>
<record
    xmlns:xsi="http://www.w3.org/2001/XMLSchema-instance"
    xsi:schemaLocation="http://www.loc.gov/MARC21/slim http://www.loc.gov/standards/marcxml/schema/MARC21slim.xsd"
    xmlns="http://www.loc.gov/MARC21/slim">

  <leader>00541    a2200157   4500</leader>
  <controlfield tag="005">20250515142651.0</controlfield>
  <datafield tag="020" ind1=" " ind2=" ">
    <subfield code="a">978-1- 84928-456-1</subfield>
  </datafield>
  <datafield tag="082" ind1=" " ind2=" ">
    <subfield code="a">658.403 ESP</subfield>
  </datafield>
  <datafield tag="100" ind1=" " ind2=" ">
    <subfield code="a">ESPOSITO, A.</subfield>
  </datafield>
  <datafield tag="245" ind1=" " ind2=" ">
    <subfield code="a">Ten Steps to ITSM Success : A Practitioner's Guide to Enterprise IT Transformation.</subfield>
  </datafield>
  <datafield tag="260" ind1=" " ind2=" ">
    <subfield code="a">United Kingdom,</subfield>
    <subfield code="b">IT Governance,</subfield>
    <subfield code="c">2013.</subfield>
  </datafield>
  <datafield tag="300" ind1=" " ind2=" ">
    <subfield code="a">xvi, 248p.: ill.; figure, table</subfield>
    <subfield code="b">Bibliographical References</subfield>
    <subfield code="c">222cm.</subfield>
  </datafield>
  <datafield tag="700" ind1=" " ind2=" ">
    <subfield code="a">ROGERS, T.</subfield>
  </datafield>
  <datafield tag="856" ind1=" " ind2=" ">
    <subfield code="y">Access Online Book</subfield>
    <subfield code="f">Ten Steps to IT</subfield>
    <subfield code="d">www.itgovernance.co.uk</subfield>
  </datafield>
  <datafield tag="942" ind1=" " ind2=" ">
    <subfield code="2">ddc</subfield>
    <subfield code="c">BKS</subfield>
  </datafield>
  <datafield tag="999" ind1=" " ind2=" ">
    <subfield code="c">2322</subfield>
    <subfield code="d">2322</subfield>
  </datafield>
  <datafield tag="952" ind1=" " ind2=" ">
    <subfield code="r">2025-05-15 14:28:42</subfield>
    <subfield code="l">0</subfield>
    <subfield code="o">658.403 ESP</subfield>
    <subfield code="p">0000008870</subfield>
    <subfield code="v">403050.00</subfield>
    <subfield code="w">2025-05-15</subfield>
    <subfield code="y">BKS</subfield>
    <subfield code="1">0</subfield>
    <subfield code="2">ddc</subfield>
    <subfield code="4">0</subfield>
    <subfield code="7">0</subfield>
    <subfield code="0">0</subfield>
    <subfield code="a">CBEML</subfield>
    <subfield code="b">CBEML</subfield>
    <subfield code="c">GEN</subfield>
    <subfield code="d">2017-06-19</subfield>
    <subfield code="g">134350.00</subfield>
  </datafield>
  <datafield tag="952" ind1=" " ind2=" ">
    <subfield code="r">2025-05-15 14:28:42</subfield>
    <subfield code="l">0</subfield>
    <subfield code="o">658.403 ESP</subfield>
    <subfield code="p">0000008871</subfield>
    <subfield code="v">403050.00</subfield>
    <subfield code="w">2025-05-15</subfield>
    <subfield code="y">BKS</subfield>
    <subfield code="1">0</subfield>
    <subfield code="2">ddc</subfield>
    <subfield code="4">0</subfield>
    <subfield code="7">0</subfield>
    <subfield code="0">0</subfield>
    <subfield code="a">CBEML</subfield>
    <subfield code="b">CBEML</subfield>
    <subfield code="c">GEN</subfield>
    <subfield code="d">2017-06-19</subfield>
    <subfield code="g">134350.00</subfield>
  </datafield>
  <datafield tag="952" ind1=" " ind2=" ">
    <subfield code="r">2025-05-15 14:28:42</subfield>
    <subfield code="l">0</subfield>
    <subfield code="o">658.403 ESP</subfield>
    <subfield code="p">0000008872</subfield>
    <subfield code="v">403050.00</subfield>
    <subfield code="w">2025-05-15</subfield>
    <subfield code="y">BKS</subfield>
    <subfield code="1">0</subfield>
    <subfield code="2">ddc</subfield>
    <subfield code="4">0</subfield>
    <subfield code="7">0</subfield>
    <subfield code="0">0</subfield>
    <subfield code="a">CBEML</subfield>
    <subfield code="b">CBEML</subfield>
    <subfield code="c">GEN</subfield>
    <subfield code="d">2017-06-19</subfield>
    <subfield code="g">134350.00</subfield>
  </datafield>
  <datafield tag="952" ind1=" " ind2=" ">
    <subfield code="r">2025-05-15 14:28:42</subfield>
    <subfield code="l">0</subfield>
    <subfield code="o">658.403 ESP</subfield>
    <subfield code="p">0000008873</subfield>
    <subfield code="v">403050.00</subfield>
    <subfield code="w">2025-05-15</subfield>
    <subfield code="y">BKS</subfield>
    <subfield code="1">0</subfield>
    <subfield code="2">ddc</subfield>
    <subfield code="4">0</subfield>
    <subfield code="7">0</subfield>
    <subfield code="0">0</subfield>
    <subfield code="a">CBEML</subfield>
    <subfield code="b">CBEML</subfield>
    <subfield code="c">GEN</subfield>
    <subfield code="d">2017-06-19</subfield>
    <subfield code="g">134350.00</subfield>
  </datafield>
  <datafield tag="952" ind1=" " ind2=" ">
    <subfield code="r">2025-05-15 14:28:42</subfield>
    <subfield code="l">0</subfield>
    <subfield code="o">658.403 ESP</subfield>
    <subfield code="p">0000008874</subfield>
    <subfield code="v">403050.00</subfield>
    <subfield code="w">2025-05-15</subfield>
    <subfield code="y">BKS</subfield>
    <subfield code="1">0</subfield>
    <subfield code="2">ddc</subfield>
    <subfield code="4">0</subfield>
    <subfield code="7">0</subfield>
    <subfield code="0">0</subfield>
    <subfield code="a">CBEML</subfield>
    <subfield code="b">CBEML</subfield>
    <subfield code="c">GEN</subfield>
    <subfield code="d">2017-06-19</subfield>
    <subfield code="g">134350.00</subfield>
  </datafield>
</record>
